Online katalóg knižníc regiónu Turca

Sněhurka : (Record no. 21536)

MARC details
000 -LEADER
fixed length control field 01174nkm a2200361 i 4500
001 - CONTROL NUMBER
control field 21536
003 - CONTROL NUMBER IDENTIFIER
control field CZ PrNK
005 - DATE AND TIME OF LATEST TRANSACTION
control field 20260303162223.0
007 - PHYSICAL DESCRIPTION FIXED FIELD--GENERAL INFORMATION
fixed length control field kk co
008 - FIXED-LENGTH DATA ELEMENTS--GENERAL INFORMATION
fixed length control field 240117s2019 xr nnn g incze
015 ## - NATIONAL BIBLIOGRAPHY NUMBER
National bibliography number cnb003584258
040 ## - CATALOGING SOURCE
Original cataloging agency ABA001
Language of cataloging cze
Description conventions rda
043 ## - GEOGRAPHIC AREA CODE
Geographic area code e-xr---
Local GAC code e-xr-pl
Source of local code czenas
045 ## - TIME PERIOD OF CONTENT
Time period code y2y2
080 ## - UNIVERSAL DECIMAL CLASSIFICATION NUMBER
Universal Decimal Classification number 792.82:793.32
Edition identifier MRF
080 ## - UNIVERSAL DECIMAL CLASSIFICATION NUMBER
Universal Decimal Classification number (437.317)
Edition identifier MRF
080 ## - UNIVERSAL DECIMAL CLASSIFICATION NUMBER
Universal Decimal Classification number (084.5)792
Edition identifier MRF
245 00 - TITLE STATEMENT
Title Sněhurka :
Remainder of title [premiéra 18.1.2020 Divadlo J.K. Tyla v Plzni]
264 #1 - PRODUCTION, PUBLICATION, DISTRIBUTION, MANUFACTURE, AND COPYRIGHT NOTICE
Place of production, publication, distribution, manufacture [Plzeň] :
Name of producer, publisher, distributor, manufacturer [Divadlo J.K. Tyla v Plzni],
Date of production, publication, distribution, manufacture, or copyright notice [2019]
300 ## - PHYSICAL DESCRIPTION
Extent 1 plakát :
Other physical details barevný ;
Dimensions 42 x 30 cm
336 ## - CONTENT TYPE
Content type term statický obraz
Content type code sti
Source rdacontent
337 ## - MEDIA TYPE
Media type term bez média
Media type code n
Source rdamedia
338 ## - CARRIER TYPE
Carrier type term list
Carrier type code nb
Source rdacarrier
500 ## - GENERAL NOTE
General note Uvádí Divadlo J.K. Tyla v Plzni, režie Alena Pešková
520 8# - SUMMARY, ETC.
Summary, etc. Zobrazení: kresba Sněhurky s jablkem se zlou macechou za zády
648 #7 - SUBJECT ADDED ENTRY--CHRONOLOGICAL TERM
Chronological term 2020
Source of heading or term czenas
650 07 - SUBJECT ADDED ENTRY--TOPICAL TERM
Topical term or geographic name entry element baletní inscenace
Geographic subdivision Česko
Chronological subdivision 2011-2020
Source of heading or term czenas
651 #7 - SUBJECT ADDED ENTRY--GEOGRAPHIC NAME
Geographic name Plzeň (Česko)
Source of heading or term czenas
655 #7 - INDEX TERM--GENRE/FORM
Genre/form data or focus term divadelní plakáty
Source of term czenas
710 2# - ADDED ENTRY--CORPORATE NAME
Corporate name or jurisdiction name as entry element Divadlo J.K. Tyla (Plzeň, Česko)
Relationship orm
910 ## - USER-OPTION DATA (OCLC)
User-option data ABA001
942 ## - ADDED ENTRY ELEMENTS (KOHA)
Source of classification or shelving scheme Dewey Decimal Classification
Koha item type Krásna literatúra pre deti
Suppress in OPAC No
Holdings
Stav vyradenia Strata Poškodenie Spôsob nadobudnutia Domovská knižnica Aktuálna knižnica Dátum nadobudnutia Total checkouts Čiarový kód exemplára Date last seen Typ exemplára
      Dar Obecná knižnica Horná Štubňa Obecná knižnica Horná Štubňa 03.03.2026   4736201636 03.03.2026 Krásna literatúra pre deti
Projekt je podporený Slovenskou asociáciou knižníc
Prevádzkuje Turčianska knižnica Martin 2026